Diversity management: jeden z klíčových faktorů určující úspěšnost manažerských činností v současném globálním a turbulentně se měnícím prostředí /

Salvato in:
Dettagli Bibliografici
Autore principale: Mužáková, Karina (Autore)
Natura: Libro
Lingua:ceco
Pubblicazione: Ostrava Key Publishing 2014
Soggetti:
Tags: Aggiungi Tag
Nessun Tag, puoi essere il primo ad aggiungerne!!

MARC

LEADER 00000nam a22000003a 4500
001 0079700
003 SK-STU
005 20200121124903.6
007 ta
008 200121s ----xo-----e------000-0-----d
020 |a 978-80-7418-229-7 
040 |a STU  |b slo 
041 0 |a cze 
044 |a xr 
100 1 |a Mužáková, Karina  |4 aut 
245 1 0 |a Diversity management: jeden z klíčových faktorů určující úspěšnost manažerských činností v současném globálním a turbulentně se měnícím prostředí /  |c aut. Karina Mužáková 
260 |a Ostrava  |b Key Publishing  |c 2014 
300 |a 68 s. 
650 0 7 |a manažérske činnosti 
650 0 7 |a diversity management 
996 |b 284M088304  |c M* 14297-1  |l MMST  |s A  |a 24  |w 0079700_0001